<?xml version="1.0" encoding="UTF-8"?>
<record
    xmlns:xsi="http://www.w3.org/2001/XMLSchema-instance"
    xsi:schemaLocation="http://www.loc.gov/MARC21/slim http://www.loc.gov/standards/marcxml/schema/MARC21slim.xsd"
    xmlns="http://www.loc.gov/MARC21/slim">

  <leader>00468nam a22001697a 4500</leader>
  <controlfield tag="005">20251218151210.0</controlfield>
  <controlfield tag="008">251218b        |||||||| |||| 00| 0 eng d</controlfield>
  <datafield tag="020" ind1=" " ind2=" ">
    <subfield code="a">978-81-203-5085-4</subfield>
  </datafield>
  <datafield tag="100" ind1=" " ind2=" ">
    <subfield code="a">MANGAL S. K.</subfield>
  </datafield>
  <datafield tag="245" ind1=" " ind2=" ">
    <subfield code="a">EMOTIONAL INTELLIGENCE</subfield>
    <subfield code="b">MANAGING EMOTIONS TO WIN LIFE</subfield>
  </datafield>
  <datafield tag="260" ind1=" " ind2=" ">
    <subfield code="a">DELHI</subfield>
    <subfield code="b">PHI LEARNING</subfield>
    <subfield code="c">2025</subfield>
  </datafield>
  <datafield tag="300" ind1=" " ind2=" ">
    <subfield code="a">XVII, 310P.</subfield>
  </datafield>
  <datafield tag="500" ind1=" " ind2=" ">
    <subfield code="a">INCLUDES INDEX</subfield>
  </datafield>
  <datafield tag="650" ind1=" " ind2=" ">
    <subfield code="a">EMOTIONAL INTELLIGENCE</subfield>
  </datafield>
  <datafield tag="700" ind1=" " ind2=" ">
    <subfield code="a">MANGAL, SHUBHRA</subfield>
  </datafield>
  <datafield tag="942" ind1=" " ind2=" ">
    <subfield code="2">lcc</subfield>
    <subfield code="c">BK</subfield>
  </datafield>
  <datafield tag="999" ind1=" " ind2=" ">
    <subfield code="c">216358</subfield>
    <subfield code="d">216358</subfield>
  </datafield>
  <datafield tag="952" ind1=" " ind2=" ">
    <subfield code="0">0</subfield>
    <subfield code="1">0</subfield>
    <subfield code="2">lcc</subfield>
    <subfield code="4">0</subfield>
    <subfield code="6">BF0576 M36  02025</subfield>
    <subfield code="7">0</subfield>
    <subfield code="8">ARTS</subfield>
    <subfield code="9">374041</subfield>
    <subfield code="a">KSUL</subfield>
    <subfield code="b">KSUL</subfield>
    <subfield code="c">DISPLAY</subfield>
    <subfield code="d">2025-12-18</subfield>
    <subfield code="i">110392</subfield>
    <subfield code="l">0</subfield>
    <subfield code="o">BF 576 .M36 2025</subfield>
    <subfield code="p">000000018300</subfield>
    <subfield code="r">2025-12-18 15:13:41</subfield>
    <subfield code="t">C.1</subfield>
    <subfield code="w">2025-12-18</subfield>
    <subfield code="y">BK</subfield>
  </datafield>
  <datafield tag="952" ind1=" " ind2=" ">
    <subfield code="0">0</subfield>
    <subfield code="1">0</subfield>
    <subfield code="2">lcc</subfield>
    <subfield code="4">0</subfield>
    <subfield code="6">BF0576 M36  02025</subfield>
    <subfield code="7">0</subfield>
    <subfield code="8">ARTS</subfield>
    <subfield code="9">374042</subfield>
    <subfield code="a">KSUL</subfield>
    <subfield code="b">KSUL</subfield>
    <subfield code="c">DISPLAY</subfield>
    <subfield code="d">2025-12-18</subfield>
    <subfield code="i">110393</subfield>
    <subfield code="l">0</subfield>
    <subfield code="o">BF 576 .M36 2025</subfield>
    <subfield code="p">000000018301</subfield>
    <subfield code="r">2025-12-18 15:13:00</subfield>
    <subfield code="t">C.2</subfield>
    <subfield code="w">2025-12-18</subfield>
    <subfield code="y">BK</subfield>
  </datafield>
  <datafield tag="952" ind1=" " ind2=" ">
    <subfield code="0">0</subfield>
    <subfield code="1">0</subfield>
    <subfield code="2">lcc</subfield>
    <subfield code="4">0</subfield>
    <subfield code="6">BF0576 M36  02025</subfield>
    <subfield code="7">0</subfield>
    <subfield code="8">ARTS</subfield>
    <subfield code="9">374043</subfield>
    <subfield code="a">KSUL</subfield>
    <subfield code="b">KSUL</subfield>
    <subfield code="c">DISPLAY</subfield>
    <subfield code="d">2025-12-18</subfield>
    <subfield code="i">110394</subfield>
    <subfield code="l">1</subfield>
    <subfield code="o">BF 576 .M36 2025</subfield>
    <subfield code="p">000000018302</subfield>
    <subfield code="q">2026-05-08</subfield>
    <subfield code="r">2026-04-24 12:16:28</subfield>
    <subfield code="s">2026-04-24</subfield>
    <subfield code="t">C.3</subfield>
    <subfield code="w">2025-12-18</subfield>
    <subfield code="y">BK</subfield>
  </datafield>
  <datafield tag="952" ind1=" " ind2=" ">
    <subfield code="0">0</subfield>
    <subfield code="1">0</subfield>
    <subfield code="2">lcc</subfield>
    <subfield code="4">0</subfield>
    <subfield code="6">BF0576 M36  02025</subfield>
    <subfield code="7">0</subfield>
    <subfield code="8">ARTS</subfield>
    <subfield code="9">374044</subfield>
    <subfield code="a">KSUL</subfield>
    <subfield code="b">KSUL</subfield>
    <subfield code="c">DISPLAY</subfield>
    <subfield code="d">2025-12-18</subfield>
    <subfield code="i">110395</subfield>
    <subfield code="l">0</subfield>
    <subfield code="o">BF 576 .M36 2025</subfield>
    <subfield code="p">000000018404</subfield>
    <subfield code="r">2025-12-18 15:13:00</subfield>
    <subfield code="t">C.4</subfield>
    <subfield code="w">2025-12-18</subfield>
    <subfield code="y">BK</subfield>
  </datafield>
</record>
